000
00212nam a22000857a 4500
999
_c
11015
_d
11015
008
180720b ||||| |||| 00| 0 eng d
100
_a
Stevenson
_9
6803
245
_a
Treasure Land
260
_a
New Delhi
_b
Campfire
_c
2016